书目信息 |
| 题名: |
中国大地构造及其演化
|
|
| 作者: | 黄汲清 指导 ;任纪舜 执笔 | |
| 分册: | ||
| 出版信息: | 北京 科学出版社 1980 |
|
| 页数: | 124页 | |
| 开本: | 25cm | |
| 丛书名: | 构造地质学理论丛书 | |
| 单 册: | ||
| 中图分类: | P54 | |
| 科图分类: | ||
| 主题词: | 大地构造学--中国 , 构造地质学 | |
| 电子资源: | ||
| ISBN: | ||
| 000 | 00831nam2 2200289 45 | |
| 001 | 0180005239 | |
| 005 | 20040701112115.6 | |
| 010 | @dCNY2. | |
| 091 | @a13031.1410 | |
| 100 | @a19950612d1980 emky0chiy0121 ea | |
| 101 | 0 | @achi |
| 102 | @aCN@b110000 | |
| 105 | @ay z 000yy | |
| 106 | @ar | |
| 200 | 10 | @a中国大地构造及其演化@Azhong guo da di gou zao ji qi yan hua@e1:400万中国大地构造图简要说明@f黄汲清指导@g任纪舜等执笔 |
| 210 | @a北京@c科学出版社@d1980 | |
| 215 | @a124页@d25cm | |
| 225 | 2 | @a构造地质学理论丛书 |
| 410 | 0 | @120010@a构造地质学理论丛书 |
| 606 | @a大地构造学@y中国 | |
| 606 | 0 | @a构造地质学 |
| 690 | @aP54@v3 | |
| 701 | 0 | @a黄汲清@Ahuang ji qing@4指导 |
| 702 | 0 | @a任纪舜@Aren ji shun@4执笔 |
| 801 | 0 | @aCN@b上海图书馆@c20040524 |
| 801 | 2 | @aCN@bNLC@c20040524 |
| 905 | @dP54@e52@f1@b244998 | |
| 中国大地构造及其演化:1:400万中国大地构造图简要说明/黄汲清指导/任纪舜等执笔.-北京:科学出版社,1980 |
| 124页;25cm.-(构造地质学理论丛书) |
| ISBN :CNY2. |
| ● |
| 相关链接 |
|
|
|
|
正题名:中国大地构造及其演化
索取号:P54/52
 
预约/预借
| 序号 | 登录号 | 条形码 | 馆藏地/架位号 | 状态 | 备注 |
| 1 | 0244997 | 000073315 | 第三借阅区/ [索取号:P54/52] | 在馆 | |
| 2 | 0244998 | 001945319 | 第三借阅区/ [索取号:P54/52] | 在馆 | |
| 3 | 0244999 | 000073306 | 第二样本阅览室/ [索取号:P54/52] | 在馆 |